Foundation & Empire

Bibliographic Details
Main Author: Asimov, Isaac
Format: Book
Published: London : Granada , 1983
Subjects:

MARC

LEADER 00000cam a2200000 7i4500
001 0000009355
002 000010186
005 20000330.0
020 |a 0246118326 
090 0 0 |a F   |b ASI 
100 1 |a Asimov, Isaac 
245 1 0 |a Foundation & Empire   |c Isaac Asimov 
260 |a London :   |b Granada ,   |c 1983 
300 |a 240 p. ;   |c 24 cm. 
650 0 0 |a Science fiction 
999 |a 0008212   |b BUKU   |c PINJAMAN   |e PERPUSTAKAAN KOMUNITI PETALING JAYA